000 00296nam a22001337a 4500
008 170929b xxu||||| |||| 00| 0 eng d
020 _a0912752149
041 _aeng
080 _a27
100 _a47
101 _aEDU
245 _aPREVENTION OF READING FAILURE
_cMASLAND,R.L
942 _2udc
_cBK
999 _c30823
_d30823